000 00625nam a2200193Ia 4500
008 090124s9999 xx 000 0 und d
020 _a81-7088-0
082 _b43323
100 _aसप्रे गीता
245 _aCHANDISHTA NAVRA छांदिष्ट नवरा
250 _a1
260 _bपरिमल प्रकाशन
_c2003
300 _a112
600 _aसप्रे गीता
630 _aCHANDISHTA NAVRA छांदिष्ट नवरा
700 _aसप्रे गीता
730 _aCHANDISHTA NAVRA छांदिष्ट नवरा
942 _cBOOK
999 _c109553
_d109553